Women's lives, women's rituals in the Hindu tradition /

In this text, 11 leading scholars of Hinduism explore the complex relationship between Hindu women's ritual activities and their lives beyond ritual.

Bibliographic Details
Corporate Author: Oxford University Press
Other Authors: Pintchman, Tracy
Format: eBook
Language:English
Published: Oxford ; New York : Oxford University Press, 2007.
Subjects:
Online Access:Connect to the full text of this electronic book

MARC

Tag First Indicator Second Indicator Subfields
LEADER 00000cam a2200000 a 4500
001 in00005702521
005 20260318173220.1
006 m o d
007 cr bn||||auuuu
008 080225s2007 enka ob 001 0 eng d
040 |a YNG  |b eng  |e pn  |c YNG  |d ZCU  |d N$T  |d YDXCP  |d CLU  |d IDEBK  |d OCLCQ  |d E7B  |d UAB  |d OCLCQ  |d OCLCF  |d OCLCO  |d OCLCA  |d OCLCQ  |d OUN  |d UBY  |d PUL  |d EBLCP  |d OCLCQ  |d STBDS  |d FIE  |d OCLCQ  |d YOU  |d OCLCA  |d OL$  |d OCLCQ  |d UKAHL  |d UCW  |d OCLCQ  |d INARC  |d OCLCQ  |d SFB  |d OCLCO  |d OCLCQ  |d OCLCO  |d OCLCL  |d CLOUD  |d OCLCO  |d UKKRT  |d OCLCQ  |d OCLCL  |d OCLCO 
016 7 |z 013677660  |2 Uk 
019 |a 144116004  |a 145565543  |a 190871512  |a 648361160  |a 666913491  |a 1196352437  |a 1256312799  |a 1298438992  |a 1370506920 
020 |a 0195177061  |q (cloth) 
020 |a 019517707X 
020 |a 9780195177060 
020 |a 9780195177077 
020 |a 9780198039341  |q (electronic bk.) 
020 |a 0198039344  |q (electronic bk.) 
020 |a 9780199785438  |q (electronic bk.) 
020 |a 0199785430  |q (electronic bk.) 
035 |a (OCoLC)206943336  |z (OCoLC)144116004  |z (OCoLC)145565543  |z (OCoLC)190871512  |z (OCoLC)648361160  |z (OCoLC)666913491  |z (OCoLC)1196352437  |z (OCoLC)1256312799  |z (OCoLC)1298438992  |z (OCoLC)1370506920 
050 4 |a BL1237.46  |b .W67 2007 
072 7 |a REL  |x 032020  |2 bisacsh 
082 0 4 |a 294.5/38082  |2 22 
049 |a TXAM 
245 0 0 |a Women's lives, women's rituals in the Hindu tradition /  |c edited by Tracy Pintchman. 
260 |a Oxford ;  |a New York :  |b Oxford University Press,  |c 2007. 
300 |a 1 online resource (xv, 208 pages) :  |b illustrations 
336 |a text  |b txt  |2 rdacontent 
337 |a computer  |b c  |2 rdamedia 
338 |a online resource  |b cr  |2 rdacarrier 
504 |a Includes bibliographical references and index. 
505 0 |a pt. 1. Engaging domesticity. The cat in the courtyard: the performance of Sanskrit and the religious experience of women / Laurie L. Patton -- Wandering from "hills to valleys" with the goddess: protection and freedom in the Matamma tradition of Andhra / Joyce Burkhalter Flueckiger -- Lovesick Gopi or woman's best friend: the mythic Sakhi and ritual friendships among women in Benares / Tracy Pintchman -- Words that breach walls: women's rituals in Rajasthan / Lindsey Harlan -- Threshold designs, forehead dots, and menstruation rituals: exploring time and space in Tamil Kolams / Vijaya Rettakudi Nagarajan. pt. 2. Beyond domesticity. Domesticity and difference/women and men: religious life in medieval Tamilnadu / Leslie C. Orr -- The anatomy of devotion: the life and poetry of Karaikkal Ammaiyar / Elaine Craddock -- The play of the mother: possession and power in Hindu women's goddess rituals / Kathleen M. Erndl -- Does Tantric ritual empower women? Renunciation and domesticity among female Bengali Tantrikas / June McDaniel -- Performing arts, re-forming rituals: women and social change in South India / Vasudha Narayanan. 
520 8 |a In this text, 11 leading scholars of Hinduism explore the complex relationship between Hindu women's ritual activities and their lives beyond ritual. 
588 0 |a Print version record. 
650 0 |a Hindu women  |x Religious life. 
650 0 |a Hindu women  |x Social life and customs. 
650 0 |a Hinduism  |x Rituals. 
650 6 |a Hindoues  |x Mœurs et coutumes. 
650 6 |a Hindouisme  |x Rituel. 
650 7 |a RELIGION  |x Hinduism  |x Rituals & Practice.  |2 bisacsh 
650 7 |a Hindu women  |x Religious life  |2 fast 
650 7 |a Hindu women  |x Social life and customs  |2 fast 
650 7 |a Hinduism  |x Rituals  |2 fast 
655 7 |a Electronic books.  |2 local 
700 1 |a Pintchman, Tracy.  |1 https://id.oclc.org/worldcat/entity/E39PCjBwRB4mWxCMq7rfD7cvBP 
710 2 |a Oxford University Press.  |1 https://id.oclc.org/worldcat/entity/E39QH7JmqydQRq3jgM89g7d7gg 
758 |i has work:  |a Women's lives, women's rituals in the Hindu tradition (Text)  |1 https://id.oclc.org/worldcat/entity/E39PCGmWm4hTDGpTdwPrGH4hd3  |4 https://id.oclc.org/worldcat/ontology/hasWork 
776 0 |t Women's lives, women's rituals in the Hindu tradition  |w (OCoLC)70208029 
856 4 0 |u http://proxy.library.tamu.edu/login?url=https://academic.oup.com/book/36058  |z Connect to the full text of this electronic book  |t 0 
955 |a Oxford Scholarship Online 
994 |a 92  |b TXA 
999 f f |i 1323fd4c-34f8-4029-bfab-86475b2e5f02  |s a7f69e96-9e04-4446-8ced-e50878fb45f3  |t 0 
952 f f |a Texas A&M University  |b College Station  |c Electronic Resources  |s www_evans  |d Available Online  |t 0  |e BL1237.46 .W67 2007  |h Library of Congress classification 
998 f f |a BL1237.46 .W67 2007  |t 0  |l Available Online